| Tag |
First Indicator |
Second Indicator |
Subfields |
| LEADER |
00000cam a2200000 i 4500 |
| 001 |
in00004668921 |
| 006 |
m o d |
| 007 |
cr unu|||||||| |
| 008 |
200129s2019 sp a ob 000 0 spa d |
| 005 |
20260128181305.3 |
| 019 |
|
|
|a 1099674795
|a 1099831388
|
| 020 |
|
|
|a 9788494907937
|
| 020 |
|
|
|a 849490793X
|
| 020 |
|
|
|z 9788494907920
|
| 035 |
|
|
|a (OCoLC)1137802479
|z (OCoLC)1099674795
|z (OCoLC)1099831388
|
| 037 |
|
|
|a CL0501000092
|b Safari Books Online
|
| 040 |
|
|
|a UMI
|b eng
|e rda
|e pn
|c UMI
|d OCLCF
|d CZL
|d N$T
|d C6I
|d YDX
|d OTZ
|d OCLCO
|d OCLCQ
|d DGITA
|
| 049 |
|
|
|a TXAM
|
| 050 |
|
4 |
|a HD57.7
|
| 072 |
|
7 |
|a PSY
|x 003000
|2 bisacsh
|
| 072 |
|
7 |
|a SEL
|x 031000
|2 bisacsh
|
| 072 |
|
7 |
|a SEL
|x 016000
|2 bisacsh
|
| 072 |
|
7 |
|a SEL
|x 027000
|2 bisacsh
|
| 082 |
0 |
4 |
|a 158/.4
|2 23
|
| 100 |
1 |
|
|a Urrestilla, Larraitz,
|e author.
|
| 245 |
1 |
3 |
|a El líder mindful :
|b 10 pasos para transformarte en un líder consciente /
|c Larraitz Urrestilla ; prólogo de Luis López González.
|
| 250 |
|
|
|a 1st edition.
|
| 264 |
|
1 |
|a Barcelona :
|b Libros de Cabecera,
|c [2019]
|
| 264 |
|
4 |
|c ©2019
|
| 300 |
|
|
|a 1 online resource (1 volume) :
|b illustrations
|
| 336 |
|
|
|a text
|b txt
|2 rdacontent
|
| 337 |
|
|
|a computer
|b c
|2 rdamedia
|
| 338 |
|
|
|a online resource
|b cr
|2 rdacarrier
|
| 588 |
0 |
|
|a Online resource; title from cover (Safari, viewed January 28, 2020).
|
| 504 |
|
|
|a Includes bibliographical references.
|
| 520 |
|
|
|a ¿Cuántas veces las emociones te han jugado una mala pasada? Tienes que tomar decisiones y la intensidad del momento hace que respondas sin casi tomarte unos minutos de respiro para buscar la mejor alternativa. ¿Crees que te falta foco? ¿Pasas mucho tiempo en piloto automático? ¿Te gustaría reducir el estrés, manejar mejor las emociones, tener más claridad mental, comunicarte mejor, en definitiva, vivir más plenamente y liderando con tus propias decisiones? El mindfulness, también conocido como atención plena, plena conciencia o atención consciente, fortalece a nivel personal y contribuye a tomar decisiones más coherentes con nuestros valores, desarrollando la autoconfianza y permitiendo trabajar con más satisfacción. Larraitz Urrestilla, experimentada coach e instructora de mindfulness, ha escrito El líder mindful, un libro estructurado en un proceso de diez pasos, en el que se entrenan las cualidades mentales que se requieren para liderar desde una perspectiva humana, con atención plena, generosidad y compasión. Con ello podrás impulsar una cultura centrada en las personas, facilitando una motivación intrínseca y activando resultados extraordinarios. El libro se divide en dos fases, la primera se centra en desarrollar el autoliderazgo, mientras que la segunda se enfoca en liderar a las personas de la organización y a esta en sí misma. https://www.librosdecabecera.com/el-lider-mindful.
|
| 650 |
|
0 |
|a Leadership.
|
| 650 |
|
0 |
|a Mindfulness (Psychology)
|
| 650 |
|
0 |
|a Decision making.
|
| 650 |
|
2 |
|a Leadership
|
| 650 |
|
2 |
|a Decision Making
|
| 650 |
|
6 |
|a Leadership.
|
| 650 |
|
6 |
|a Pleine conscience (Psychologie)
|
| 650 |
|
6 |
|a Prise de décision.
|
| 650 |
|
7 |
|a decision making.
|2 aat
|
| 650 |
|
7 |
|a PSYCHOLOGY
|x Applied Psychology.
|2 bisacsh
|
| 650 |
|
7 |
|a SELF-HELP
|x Personal Growth
|x General.
|2 bisacsh
|
| 650 |
|
7 |
|a SELF-HELP
|x Personal Growth
|x Happiness.
|2 bisacsh
|
| 650 |
|
7 |
|a SELF-HELP
|x Personal Growth
|x Success.
|2 bisacsh
|
| 650 |
|
7 |
|a Decision making.
|2 fast
|0 (OCoLC)fst00889035
|
| 650 |
|
7 |
|a Leadership.
|2 fast
|0 (OCoLC)fst00994701
|
| 650 |
|
7 |
|a Mindfulness (Psychology)
|2 fast
|0 (OCoLC)fst01921242
|
| 700 |
1 |
|
|a López González, Luis,
|e writer of foreword.
|
| 856 |
4 |
0 |
|u https://proxy.library.tamu.edu/login?url=https://go.oreilly.com/TAMU/library/view/-/9788494907920/?ar
|z Connect to the full text of this electronic book
|t 0
|
| 955 |
|
|
|a Safari/O'Reilly ebooks
|
| 994 |
|
|
|a 92
|b TXA
|
| 999 |
f |
f |
|s fb51e7e3-21d0-49b2-8f2a-4be4ec22aece
|i 9cd30a70-d142-4b1a-8790-13c74336e8dd
|t 0
|
| 952 |
f |
f |
|a Texas A&M University
|b College Station
|c Electronic Resources
|s www_evans
|d Available Online
|t 0
|e HD57.7
|h Library of Congress classification
|
| 998 |
f |
f |
|a HD57.7
|t 0
|l Available Online
|